header

Staging politics and gender (Record no. 187608)

MARC details
000 -LEADER
fixed length control field 01429nam a2200361Ia 4500
082 04 - DEWEY DECIMAL CLASSIFICATION NUMBER
Classification number 842/.8099287
100 1# - MAIN ENTRY--AUTHOR NAME
Personal name Beach, Cecilia.
245 10 - TITLE STATEMENT
Title Staging politics and gender
250 ## - EDITION STATEMENT
Edition statement 1st ed.
260 ## - PUBLICATION, DISTRIBUTION, ETC. (IMPRINT)
Place of publication New York :
Name of publisher Palgrave Macmillan,
Year of publication 2005.
300 ## - PHYSICAL DESCRIPTION
Number of Pages 186 p.
650 #0 - SUBJECT ADDED ENTRY--TOPICAL TERM
Topical Term French drama
Topical Term French drama
Topical Term French drama
Topical Term Women and literature
856 40 - ELECTRONIC LOCATION AND ACCESS
Uniform Resource Identifier http://site.ebrary.com/lib/rucke/Doc?id=10135451

No items available.

© 2026 Rongo University
Contact us: librarian | system librarian | Rongo university